000 00376nam a22001457a 4500
003 MACL
005 20190619150757.0
008 190619b xxu||||| |||| 00| 0 eng d
040 _cMACL
100 _aBhattacharyya, Ananda
_975366
245 _aAdivasi Resistance in Early Colonial India
260 _aDelhi
_bManohar
_c2017
650 _aSociology
_975367
942 _2ddc
_cBK
999 _c60136
_d60136